| 000 | 01279nam0a22002771 4500 | ||
|---|---|---|---|
| 001 | rc\3956739 | ||
| 005 | 20260407235127.0 | ||
| 021 |
_aRU _b[48-29778] |
||
| 035 | _a(NLR Aleph) 008047754 | ||
| 090 |
_a8921891 _c8921891 |
||
| 100 | _a20130415d1948 |||y0rusy50 ca | ||
| 101 | 0 | _arus | |
| 102 | _aRU | ||
| 105 | _aa z ||||| | ||
| 200 | 1 |
_aПамятка контролера жестяно-баночного производства _fСост. И. Варов _gМ-во рыбной пром-сти зап. районов СССР. Отд. подготовки массовых кадров |
|
| 210 |
_aСимферополь _cИзд-во и тип. Крымиздата _d1948 |
||
| 215 |
_a59 с., 1 л. черт. _d20 |
||
| 300 | _aНа обл. сост. не указан | ||
| 606 |
_aЖестяно-баночное производство _xТехнический контроль _2psbo |
||
| 700 | 1 |
_aВаров _bИ. _4220 |
|
| 712 | 0 | 1 |
_aСССР _bМинистерство рыбной промышленности западных районов _bОтдел подготовки массовых кадров _9820602 _3RU\NLR\AUTH\8810162351 |
| 801 | 0 |
_aRU _bNLR _gpsbo |
|
| 801 | 1 |
_aRU _bELAR _2rusmarc |
|
| 852 |
_aNLR _jТ66 Г-4/372 |
||
| 942 | _cBOOK | ||
| 980 | _aNB | ||